000 01663cam a2200421La 4500
001 4243850
003 ARRUPE
005 20140114132426.0
006 m u
007 cr cn-
008 001008s1988 nbua sb 001 0 eng d
020 _a0585109699 (electronic bk.)
035 _a(OCoLC)45728816
035 _a(OCoLC)ocm45728816
035 _a(N$T)ocm45728816
035 _a(NNC)4243850
040 _aN$T
_cN$T
_dOCL
_dOCLCQ
_dJYJ
050 _aPA6141.A1
_bR661988
100 1 _aSnodgrass, Mary Ellen.
_96604
245 1 0 _aRoman classics
_h[electronic resource] :
_bnotes /
_cMary Ellen Snodgrass ; [editor, Gary Carey ; consulting editor, James L. Roberts].
246 3 _aCliffs notes on Roman Classics
260 _aLincoln, Neb. :
_bCliffs Notes Inc.,
_cc1988.
300 _a376 p. :
_bill. ;
_c21 cm.
500 _a"Summaries and concise commentaries about the major works of classic Roman writers ..."
504 _aIncludes bibliographical references (p. 347-363) and index.
533 _aElectronic reproduction.
_bBoulder, Colo. :
_cNetLibrary,
_d2000.
_nAvailable via World Wide Web.
_nAccess may be limited to NetLibrary affiliated libraries.
650 0 _aLatin literature.
_96605
650 0 _aClassical literature.
_96606
655 7 _aElectronic books.
_2local
_96607
700 1 _aCarey, G. K.
_q(Gary K.)
_96608
700 1 _aRoberts, James Lamar,
_d1929-
_96609
710 2 _aNetLibrary, Inc.
_912
710 2 _aCliffs Notes, Inc.
_96610
776 1 _cOriginal
_z0822011522
856 4 _uhttp://www.columbia.edu/cgi-bin/cul/resolve?clio4243850
_zClick here for full text.
942 _2lcc
_cMONOGRAPH
999 _c119552
_d119552